| 000 | 00500nam a2200145Ia 4500 | ||
|---|---|---|---|
| 008 | 170221s9999 xx 000 0 und d | ||
| 100 | _aKelly R. Rush | ||
| 245 | _aNot all prepayment penalties are created equal | ||
| 245 | _cKelly R. Rush, Mount Vernon Nazarene University; Chris Neuenschwander, Anderson University. | ||
| 260 | _bJournal of Management and Marketing Research | ||
| 260 | _c2016 | ||
| 300 | _a5 : 4 | ||
| 650 | _xBusiness | ||
| 856 | _uhttp://www.aabri.com/manuscripts/152137.pdf | ||
| 999 |
_c313457 _d313457 |
||